[Event "Portugal Open 2019"]
[Site "Lisbon"]
[Date "2019.02.03"]
[Round "3.8"]
[White "Storme, Isak"]
[Black "Kadric, Denis"]
[Result "0-1"]
[WhiteElo "2290"]
[BlackElo "2545"]
[Annotator "TA"]
[PlyCount "94"]
[EventDate "2019.01.25"]
[EventType "swiss"]
[EventCountry "POR"]
[SourceTitle "playchess.com"]
[Source "ChessBase"]
[SourceQuality "1"]

{[%evp 9,94,16,30,37,37,37,37,35,31,31,57,30,81,63,71,72,73,73,89,81,105,96,97,81,116,85,114,113,98,109,102,85,106,102,95,110,136,166,137,141,141,162,152,96,218,212,212,194,232,217,297,298,290,285,283,229,213,181,175,103,196,128,214,89,102,-20,-30,-73,-120,-130,-107,-78,-39,-315,-319,-726,-726,-1691,-420,-2993,-722,-29981,-29982,-29977,-9942,-3014,-2304]} 1. c4 e5 2. Nc3 d6 3. g3 f5 4. d4 Be7 5. Bh3 Na6 6. dxe5 $146 {A21: English Opening: 1...e5 2 Nc3} ({Predecessor:} 6. a3 c6 7. dxe5 dxe5 8. Qc2 e4 9. f3 Nf6 10. fxe4 fxe4 11. Bxc8 Rxc8 12. Nxe4 Nxe4 13. Qxe4 {½-½ (23) Giri,A (2762)-Vallejo Pons,F (2705) Palma de Mallorca 2017}) 6... dxe5 7. Qxd8+ Bxd8 8. Nf3 {White is slightly better.} e4 9. Nd4 Ne7 10. b3 c6 (10... Nb4 $11 {keeps the balance.}) 11. Ba3 g6 12. O-O-O Ba5 13. Bb2 O-O 14. f3 exf3 15. exf3 Re8 16. g4 fxg4 17. fxg4 Nc5 18. Rhe1 $1 h5 19. Re5 hxg4 {[#]} 20. Bg2 $1 Bb4 21. a3 Nd7 {Hoping for ...Bxc3.} 22. Re2 Bxc3 23. Bxc3 Nf6 24. Rde1 $36 {[%mdl 3072] White has strong compensation. White has strong initiative.} Kf7 25. Bb4 Nfg8 26. Rf1+ Bf5 (26... Nf6 $16 {was worth a try.}) 27. Ne6 $1 $18 Rac8 28. Bc3 a6 29. Nc5 b5 30. Nb7 Red8 31. Nxd8+ Rxd8 32. cxb5 axb5 33. Bb4 Nd5 34. Kb2 (34. Bd2 $18) 34... Ngf6 (34... Nxb4 $16 {keeps fighting.} 35. axb4 Ne7) 35. Rfe1 (35. Rc1 $18) 35... g5 (35... Nf4 $16) 36. Re5 (36. Be7 $18 Nxe7 37. Rxe7+ Kg6 38. R1e2 (38. Bxc6 Rd2+ 39. Ka1 Rxh2 $16)) 36... Kg6 37. Bd2 (37. Bxd5 $16 Nxd5 38. Re8 Rxe8 39. Rxe8) 37... Nf4 $11 38. Bxf4 gxf4 39. Bxc6 Rd2+ 40. Ka1 Rxh2 {...f3 is the strong threat.} (40... Rc2 $5 {[%cal Rc2c6]} 41. Bxb5 Rxh2 $11) 41. Rxb5 $2 {[%mdl 8192]} (41. Rf1 $1 $15 f3 {[#]} 42. Bxf3 $1 {[%mdl 512]} gxf3 43. Rxf3) 41... f3 $19 {[%cal Bf4f3,Bf3f2][%mdl 32] aiming for ...f2.} 42. a4 $2 (42. Ree5 Bd3 43. Rb6) 42... f2 {[%cal Rf2e1]} 43. Rd1 Bd3 (43... Be4 $142 44. Rb6 Bxc6 45. Rxc6 g3) 44. a5 (44. Re5 $142) 44... g3 (44... Bxb5 $142 45. Bxb5 g3 46. Bd3+ Kg5) 45. a6 Bxb5 46. Bxb5 g2 47. Bd3+ Kg5 {Precision: White = 39%, Black = 50%.} 0-1

[Event "Portugal Open 2019"]
[Site "Lisbon"]
[Date "2019.02.03"]
[Round "3.9"]
[White "Annaberdiev, Meilis"]
[Black "Shailesh, Dravid"]
[Result "0-1"]
[WhiteElo "2522"]
[BlackElo "2324"]
[Annotator "TA"]
[PlyCount "72"]
[EventDate "2019.01.25"]
[EventType "swiss"]
[EventCountry "POR"]
[SourceTitle "playchess.com"]
[Source "ChessBase"]
[SourceQuality "1"]

{[%evp 15,72,8,28,31,27,22,47,10,14,16,15,9,16,0,0,0,0,0,0,0,0,0,0,-26,-2,-29,30,-19,-23,-19,-16,-31,-37,-28,-29,-39,-34,-28,-12,-17,-18,-57,-14,-14,0,-96,-60,-147,-175,-156,-164,-168,-159,-167,-167,-862,-853,-5181,-5106]} 1. d4 (1. e4 d6 2. d4 Nf6 3. Bd3 e5 4. c3 Nc6 5. Nf3 g6 6. O-O Bg7 7. Re1 O-O {1-0 (47) Alekseev,E (2639)-Petrosian,T (2598) St Petersburg 2018}) 1... Nf6 2. Nf3 g6 3. Nbd2 Bg7 4. e4 d6 5. Bd3 O-O 6. O-O Nc6 7. c3 e5 8. Re1 Nh5 {[%cal Re5d4]} 9. Nb3 {B07: Pirc Defence: Miscellaneous Systems} h6 10. Be3 $146 ({Predecessor:} 10. Bf1 Bg4 11. Be3 {0-1 (36) Maltsevskaya,A (2290)-Muetsch,A (2206) Porto Carras 2018}) 10... Qf6 (10... Re8 11. Nfd2 Qe7 12. Bf1 Nf6 13. f3 Bd7 14. Bf2 Kh8 15. Nc4 Qf8 16. Ne3 a6 {1-0 (47) Alekseev,E (2639)-Petrosian,T (2598) St Petersburg 2018}) 11. Bf1 {White is slightly better.} Bg4 12. Be2 Nf4 13. Bxf4 Qxf4 14. g3 ({Predecessor:} 14. d5 Ne7 15. Nbd2 Bxf3 16. Bxf3 f5 {0-1 (36) Maltsevskaya,A (2290)-Muetsch,A (2206) Porto Carras 2018}) 14... Qf6 15. d5 Ne7 16. Nfd2 Bc8 17. Bg4 h5 18. Bxc8 Raxc8 19. Qf3 Qg5 20. Qe3 Qg4 (20... Qxe3 $142 21. Rxe3 f5) 21. Kg2 b6 22. c4 Qd7 23. Qe2 Bh6 24. a4 a5 25. Nb1 f5 26. exf5 $1 Qxf5 27. Nc3 {[#]} h4 $1 {[%mdl 512]} 28. h3 (28. gxh4 Qf6) 28... hxg3 29. fxg3 Qd7 30. Qg4 (30. g4 $11 {remains equal.}) 30... Nf5 $1 $17 {And now ...Qf7 would win.} 31. Qxg6+ {[#]} ({White should try} 31. Kg1 $15) 31... Kh8 $1 32. Qh5 Qh7 33. Ne4 {[#]} Nxg3 $1 {[%mdl 512]} 34. Nxg3 {Hoping for Re4.} Rg8 {Threatens to win with ...Rxg3+!} 35. Nc1 $2 {[#]} (35. Rg1 Rxg3+ 36. Kxg3 Rg8+ 37. Kh4 (37. Kf3 $2 {leads to mate.} Qd3+ {[%mdl 64] Double Attack} 38. Kf2 Qe3+ 39. Kf1 Rxg1#) 37... Qe7+ 38. Rg5 Qxg5+ 39. Qxg5 Bxg5+ 40. Kh5) 35... Rxg3+ $1 $19 {[%mdl 512]} 36. Kh1 (36. Kxg3 Bf4+) 36... Rcg8 {Accuracy: White = 41%, Black = 76%.} 0-1

[Event "Portugal Open 2019"]
[Site "Lisbon"]
[Date "2019.02.03"]
[Round "3.10"]
[White "Hernandez Munoz, Antonio Ramon"]
[Black "Jakubowski, Krzysztof"]
[Result "0-1"]
[WhiteElo "2249"]
[BlackElo "2514"]
[Annotator "TA"]
[PlyCount "66"]
[EventDate "2019.01.25"]
[EventType "swiss"]
[EventCountry "POR"]
[SourceTitle "playchess.com"]
[Source "ChessBase"]
[SourceQuality "1"]

{[%evp 9,66,15,15,15,15,10,17,13,23,12,47,30,41,40,47,39,42,50,108,113,92,93,90,93,131,65,161,146,176,148,138,125,220,215,210,177,180,105,123,-23,-43,-33,-12,-276,-281,-510,-494,-562,-227,-240,-229,-1402,-1435,-1453,-1435,-1397,-1360,-1201,-1068]} 1. d4 (1. Nf3 d5 2. g3 Nf6 3. Bg2 e6 {1-0 (37) Kovchan,A (2575)-Korobov,A (2698) Kiev 2018}) 1... Nf6 2. Nf3 e6 3. g3 d5 $146 ({Predecessor:} 3... b5 4. Bg2 {1-0 (35) Majer,J (2217)-Krensing,J (2315) Pardubice 2011}) 4. Bg2 b5 5. a4 ({Predecessor:} 5. O-O Nbd7 6. Bf4 c5 7. a4 b4 8. c4 bxc3 9. Nxc3 {1-0 (35) Majer,J (2217)-Krensing,J (2315) Pardubice 2011}) 5... b4 6. c4 {A46: 1 d4 Nf6 2 Nf3 e6: Torre, London and Colle Systems} bxc3 7. Nxc3 Ba6 (7... Bb4 8. O-O O-O 9. Bf4 a5 10. Rc1 c6 11. Ne5 Ba6 12. Na2 Bd6 {1-0 (37) Kovchan,A (2575)-Korobov,A (2698) Kiev 2018}) 8. O-O {The position is equal.} Nbd7 9. Bf4 c5 10. Re1 Be7 11. e4 $36 {[%mdl 2048] White has some pressure.} ({Predecessor:} 11. Ne5 cxd4 12. Nb5 g5 13. Nc6 {1-0 (35) Majer,J (2217)-Krensing,J (2315) Pardubice 2011}) 11... dxe4 12. Ng5 {d5 is the strong threat.} O-O 13. Ngxe4 Rc8 (13... cxd4 $14 14. Qxd4 Bb7) 14. Nd6 Bxd6 15. Bxd6 Re8 16. a5 h5 17. h3 (17. Qa4 $16) 17... h4 (17... c4 $1 $14) 18. gxh4 $18 c4 19. Bg3 Nf8 20. h5 Qd7 (20... Re7 $16 21. h6 Ng6 22. hxg7 Bb7) 21. Be5 Bb7 22. Bxf6 gxf6 23. Qg4+ (23. d5 $18 {Threatens to win with Qg4+.} exd5 24. Qg4+ Qxg4 25. hxg4) 23... Kh8 $16 24. h6 (24. Bxb7 $16 Qxb7 25. Ne4) 24... Ng6 $11 25. d5 {Hoping for Rad1.} Rg8 $1 {Strongly threatening ...Ne7.} 26. Ne4 $2 {[%mdl 8192]} ({Much weaker is} 26. dxe6 fxe6 27. Rad1 Qf7 $15) (26. Kf1 $11 {and White has nothing to worry.}) 26... f5 $1 $19 {[%cal Rf5g4][%mdl 64] Double Attack} 27. dxe6 $2 (27. Nf6 fxg4 28. Nxd7 gxh3 29. a6 Bxd5 30. Bxd5 Nf4+ 31. Kh1 exd5 32. Re7) 27... fxe6 (27... fxg4 $2 {is the wrong capture.} 28. exd7 gxh3 29. dxc8=B $18) 28. Nf6 {And now Qg3 would win.} Qf7 (28... Qd8 $142 29. Qg5 Nf4 $1 {[%mdl 512]} 30. Qxg8+ Qxg8 31. Nxg8 Rxg8) 29. Qd4 {[#]} e5 $1 {[%cal Re5d4]} 30. Qd7 $2 ({But not} 30. Qxa7 $2 Nh4 $19) (30. Qc3 Bxg2 31. Nxg8) 30... Qxd7 {Black is clearly winning.} 31. Nxd7 Nf4 32. Rxe5 Rxg2+ 33. Kf1 Rcg8 {Accuracy: White = 45%, Black = 50%.} 0-1

[Event "Portugal Open 2019"]
[Site "Lisbon"]
[Date "2019.02.03"]
[Round "3.11"]
[White "Stefansson, Hannes"]
[Black "Napoli, Nicolo"]
[Result "1-0"]
[WhiteElo "2514"]
[BlackElo "2316"]
[Annotator "TA"]
[PlyCount "61"]
[EventDate "2019.01.25"]
[EventType "swiss"]
[EventCountry "POR"]
[SourceTitle "playchess.com"]
[Source "ChessBase"]
[SourceQuality "1"]

{[%evp 9,61,7,11,14,25,20,22,7,15,14,49,29,59,53,69,69,75,81,113,117,216,207,202,130,154,102,96,116,114,77,83,76,75,57,143,131,133,120,104,104,111,106,200,195,182,145,196,153,200,197,360,356,437,412]} 1. e4 c6 2. d4 d5 3. e5 c5 4. dxc5 e6 5. Nf3 Bxc5 6. Bd3 {B12: Caro-Kann: Advance Variation} (6. a3 Nd7 7. Bd3 f6 8. b4 Be7 9. Bb2 fxe5 10. Nxe5 Nxe5 11. Bxe5 Bf6 12. O-O Nh6 13. Bxf6 Qxf6 {1-0 (70) Jakovenko,D (2735)-Fedoseev,V (2706) Poikovsky 2018}) 6... Ne7 $146 ({Predecessor:} 6... Nc6 7. O-O Nge7 8. a3 Ng6 {1-0 (28) Wolter,K (2210)-Fischer,T (2199) Germany 2011}) 7. O-O Ng6 8. Re1 {The position is equal.} Nc6 9. a3 Qc7 {[%cal Rg6e5]} 10. b4 {[%cal Bb2b4,Bb4b5][%mdl 32]} Bb6 {[%cal Rc6e5]} 11. Bb2 O-O 12. Nbd2 a5 13. b5 Nb8 14. c4 Rd8 (14... a4 $16 {might work better.}) 15. Rc1 $18 {Hoping for cxd5.} Qe7 16. Qc2 {[#] Black must now prevent c5.} Nd7 17. cxd5 (17. Bxg6 $142 hxg6 18. a4) 17... exd5 $16 18. Bxg6 hxg6 19. Bd4 Bxd4 20. Nxd4 Nf8 21. Qc7 $36 {[%mdl 2048] White fights for an advantage.} Qe8 (21... Bd7 $1 $14) 22. N2f3 Ne6 23. Nxe6 Bxe6 24. Nd4 Rd7 25. Qb6 Qd8 (25... Bf5 $16) 26. Qxd8+ $18 Raxd8 27. Rc5 Re7 (27... b6 $16 {was called for.} 28. Rc6 {[%mdl 64] Double Attack} Rb7) 28. Rec1 g5 29. b6 Bg4 $2 {[#]} (29... a4 30. f3 Kf8) 30. f3 ({Weaker is} 30. Rxa5 Rxe5 31. f3 Be6 $16) 30... Bh5 31. Rc7 {Accuracy: White = 65%, Black = 36%.} 1-0

[Event "Portugal Open 2019"]
[Site "Lisbon"]
[Date "2019.02.03"]
[Round "3.12"]
[White "Palozza, Christian"]
[Black "Spraggett, Kevin"]
[Result "0-1"]
[WhiteElo "2237"]
[BlackElo "2513"]
[Annotator "TA"]
[PlyCount "70"]
[EventDate "2019.01.25"]
[EventType "swiss"]
[EventCountry "POR"]
[SourceTitle "playchess.com"]
[Source "ChessBase"]
[SourceQuality "1"]

{[%evp 20,69,54,45,52,44,52,35,40,31,37,31,68,12,33,0,-27,-54,-9,-27,-17,-13,-23,-42,-51,-67,-77,-63,-25,-97,-97,-97,-94,-256,-250,-235,-226,-538,-520,-558,-534,-738,-622,-889,-881,-29995,-29996,-29996,-29997,-29998,-29999,-29999]} 1. d4 Nf6 ({Predecessor:} 1... d6 2. Nf3 Nd7 3. c4 e5 4. Nc3 Ngf6 5. g3 Be7 6. Bg2 c6 7. Qc2 O-O 8. O-O Re8 9. h3 Qa5 10. Bd2 Bf8 11. d5 Qc7 12. e4 a6 13. a4 a5 {1-0 (44) Guevara,C (2240)-Robleto,O (2108) Managua 2014}) 2. c4 d6 3. Nf3 c6 $146 (3... Nbd7 4. Nc3 e5 5. g3 Be7 6. Bg2 O-O 7. O-O c6 {½-½ (29) Sorokin,A (2522)-Khismatullin,D (2617) St Petersburg 2018}) 4. g3 Nbd7 5. Nc3 e5 6. e4 Be7 7. Bg2 O-O 8. O-O Re8 (8... a6 9. a4 a5 10. h3 {½-½ (29) Sorokin,A (2522)-Khismatullin,D (2617) St Petersburg 2018}) 9. h3 a6 10. a4 a5 11. Be3 Bf8 {A55: Old Indian Defence with Nf3 and e4} (11... exd4 12. Nxd4 Nc5 13. Qc2 Bf8 14. Rad1 Qb6 15. g4 g6 16. g5 Nh5 17. f4 Be6 18. Nxe6 Rxe6 19. Qf2 f5 20. gxf6 Rxf6 21. f5 {½-½ (29) Sorokin,A (2522)-Khismatullin,D (2617) St Petersburg 2018}) 12. Qc2 Qc7 13. d5 Nc5 {White is slightly better.} 14. Bxc5 ({Predecessor:} 14. Ne1 Nfd7 15. Nd3 Nxd3 16. Qxd3 {1-0 (44) Guevara,C (2240)-Robleto,O (2108) Managua 2014}) 14... dxc5 15. Ne1 cxd5 16. exd5 (16. Nb5 $14 Qe7 17. cxd5) 16... Bd7 $11 17. Nd3 (17. Qd1 $14) 17... e4 18. Nc1 h5 19. Nb5 Bxb5 20. axb5 h4 21. g4 Qe5 22. Qc3 Qxc3 23. bxc3 e3 24. f3 (24. d6 $11) 24... Nd7 25. Re1 Bd6 26. Nd3 $2 {[#]} (26. Bf1 $17 {was necessary.}) 26... Nb6 $19 27. Bf1 Nxc4 28. Nxc5 $2 (28. Be2) 28... e2 $1 ({Less strong is} 28... Bxc5 29. Bxc4 a4 30. Kf1 $15) 29. Nxb7 exf1=Q+ 30. Kxf1 Bg3 31. Rxe8+ Rxe8 32. Nxa5 Nd2+ {Black mates.} 33. Kg1 Re2 34. b6 Nxf3+ 35. Kf1 Rf2# {Accuracy: White = 17%, Black = 70%.} 0-1

[Event "Portugal Open 2019"]
[Site "Lisbon"]
[Date "2019.02.03"]
[Round "3.13"]
[White "Dvirnyy, Danyyil"]
[Black "Kowalski, Igor"]
[Result "1-0"]
[WhiteElo "2487"]
[BlackElo "2296"]
[Annotator "TA"]
[PlyCount "71"]
[EventDate "2019.01.25"]
[EventType "swiss"]
[EventCountry "POR"]
[SourceTitle "playchess.com"]
[Source "ChessBase"]
[SourceQuality "1"]

{[%evp 21,71,39,36,-14,24,19,30,-2,12,0,98,104,120,106,83,106,176,173,314,320,322,322,302,220,211,209,258,244,249,242,238,205,209,213,257,255,587,586,580,580,545,508,727,723,814,793,824,810,798,755,758,740]} 1. d4 Nf6 2. c4 $146 ({Predecessor:} 2. Nf3 g6 3. c4 Bg7 4. Nc3 d6 {0-1 (53) Burmakin,V (2596)-Bologan,V (2679) Sochi 2004}) 2... g6 3. Nc3 Bg7 4. e4 d6 5. Nf3 O-O 6. Be2 e5 7. O-O Nc6 8. Be3 Ng4 9. Bg5 f6 10. Bc1 f5 11. Bg5 Qe8 12. dxe5 {E97: King's Indian: Classical Main Line (6...e5 7 0-0 Nc6): 8 Be3 and 8 d5 Ne7, not 9 Ne1} dxe5 13. Nd5 Qf7 14. b4 {next b5 is good for White.White has an edge.} ({Predecessor:} 14. Nd2 h6 15. Bh4 g5 16. Bxg4 fxg4 17. Bg3 Nd4 18. f3 gxf3 19. Nxf3 Bg4 20. Nxd4 Bxd1 21. Rxf7 Rxf7 {0-1 (53) Burmakin,V (2596)-Bologan,V (2679) Sochi 2004}) 14... h6 15. Bc1 Nd4 (15... a6 $11 {remains equal.}) 16. Nxd4 $16 exd4 17. exf5 gxf5 18. Bf4 d3 (18... c6 $16) 19. Bxd3 $18 Ne5 (19... Be6 {is a better defense.}) 20. Be2 c6 21. Bh5 Qd7 22. Qe2 cxd5 23. Bxe5 Bxe5 24. Qxe5 dxc4 25. Rad1 Qg7 26. Qd5+ Kh8 27. Qxc4 f4 28. Rd6 Rf6 $2 (28... Bd7 29. Rg6 Qe5) 29. Rd8+ {[%mdl 64] [#] Double Attack. White is clearly winning.} Rf8 30. Rxf8+ Qxf8 31. Qd4+ Kh7 32. Rc1 {Rc7+ would kill now.} Qg7 33. Qd8 Bg4 34. Qxa8 {[#] And now Bxg4 would win.} Bxh5 35. Qb8 f3 36. Qg3 {Accuracy: White = 68%, Black = 31%.} 1-0

[Event "Portugal Open 2019"]
[Site "Lisbon"]
[Date "2019.02.03"]
[Round "3.14"]
[White "Garcia Dorado, Alberto"]
[Black "Iniyan, P."]
[Result "0-1"]
[WhiteElo "2223"]
[BlackElo "2480"]
[Annotator "RC"]
[PlyCount "74"]
[EventDate "2019.01.25"]
[EventType "swiss"]
[EventCountry "POR"]
[SourceTitle "playchess.com"]
[Source "ChessBase"]
[SourceQuality "1"]
[TimeControl "5400+30"]

1. d4 {[%emt 0:04:32]} Nf6 {[%emt 0:00:06]} 2. c4 {[%emt 0:00:30]} g6 {[%emt 0:00:06]} 3. g3 {[%emt 0:00:18]} Bg7 {[%emt 0:00:05]} 4. Bg2 {[%emt 0:00:13]} O-O {[%emt 0:00:05]} 5. Nf3 {[%emt 0:00:14]} d6 {[%emt 0:00:04]} 6. Nc3 {[%emt 0:01:08]} Nbd7 {[%emt 0:00:06]} 7. O-O {[%emt 0:00:17]} e5 {[%emt 0:00:03]} 8. e4 {[%emt 0:00:12]} exd4 {[%emt 0:00:04]} 9. Nxd4 {[%emt 0:00:10]} Re8 {[%emt 0:00:04]} 10. Re1 {[%emt 0:01:33]} Ng4 {[%emt 0:00:37]} 11. h3 {[%emt 0:02:48]} Nge5 {[%emt 0:00:06]} 12. b3 {[%emt 0:09:33]} Nc5 {[%emt 0:00:39]} 13. Be3 {[%emt 0:00:40]} a5 {[%emt 0:03:51]} 14. Bf1 {[%emt 0:23:25]} Bd7 {[%emt 0:02:34]} 15. f4 {[%emt 0:19:23]} Nc6 {[%emt 0:00:18]} 16. Bf2 {[%emt 0:03:26]} f5 {[%emt 0:02:15]} 17. e5 {[%emt 0:01:50]} Nxd4 {[%emt 0:03:34]} 18. Bxd4 {[%emt 0:01:20]} Ne6 {[%emt 0:00:05]} 19. Bf2 {[%emt 0:02:51]} Bc6 {[%emt 0:12:32]} 20. Bg2 {[%emt 0:04:12]} Bxg2 {[%emt 0:03:02]} 21. Kxg2 {[%emt 0:00:09]} dxe5 {[%emt 0:00:07]} 22. fxe5 {[%emt 0:01:22]} Ng5 {[%emt 0:00:09]} 23. Qxd8 {[%emt 0:06:46]} Raxd8 {[%emt 0:00:06]} 24. Rad1 {[%emt 0:01:18]} Rxd1 {[%emt 0:01:15]} 25. Nxd1 {[%emt 0:03:21]} Rxe5 {[%emt 0:02:29]} 26. Rxe5 {[%emt 0:00:49]} Bxe5 {[%emt 0:00:07]} 27. Be1 {[%emt 0:00:06]} b6 {[%emt 0:00:37]} 28. c5 {[%emt 0:00:11]} Ne4 {[%emt 0:01:21]} 29. cxb6 {[%emt 0:00:14]} cxb6 {[%emt 0:00:04]} 30. g4 {[%emt 0:03:35]} Kf7 {[%emt 0:00:50]} 31. gxf5 {[%emt 0:00:14]} gxf5 {[%emt 0:00:07]} 32. Ne3 {[%emt 0:03:57]} Ke6 {[%emt 0:00:06]} 33. Nc4 {[%emt 0:00:36]} Bd4 {[%emt 0:00:42]} 34. Bh4 {[%emt 0:00:49]} Nc3 {[%emt 0:09:20]} 35. a4 {[%emt 0:02:58]} Kd5 {[%emt 0:00:22]} 36. Kf3 {[%emt 0:00:12]} Nxa4 {[%emt 0:01:56]} 37. Nxa5 {[%emt 0:00:49]} Nc5 {[%emt 0:00:06]} 0-1

[Event "Portugal Open 2019"]
[Site "Lisbon"]
[Date "2019.02.03"]
[Round "3.15"]
[White "Bilguun, Sumiya"]
[Black "Sorensen, Hampus"]
[Result "1-0"]
[WhiteElo "2471"]
[BlackElo "2289"]
[Annotator "RC"]
[PlyCount "181"]
[EventDate "2019.01.25"]
[EventType "swiss"]
[EventCountry "POR"]
[SourceTitle "playchess.com"]
[Source "ChessBase"]
[SourceQuality "1"]
[TimeControl "5400+30"]

1. e4 {[%emt 0:00:00]} e5 {[%emt 0:00:08]} 2. Bc4 {[%emt 0:00:00]} Nf6 {[%emt 0:04:05]} 3. d3 {[%emt 0:00:00]} Nc6 {[%emt 0:01:37]} 4. Nf3 {[%emt 0:00:00]} Bc5 {[%emt 0:00:19]} 5. O-O {[%emt 0:00:36]} a6 {[%emt 0:00:36]} 6. c3 {[%emt 0:00:58]} Ba7 {[%emt 0:01:14]} 7. Bb3 {[%emt 0:06:59]} O-O {[%emt 0:01:47]} 8. Bg5 {[%emt 0:06:08]} h6 {[%emt 0:00:42]} 9. Bh4 {[%emt 0:00:35]} d6 {[%emt 0:00:39]} 10. Nbd2 {[%emt 0:02:24]} g5 {[%emt 0:02:39]} 11. Bg3 {[%emt 0:03:51]} Re8 {[%emt 0:10:53]} 12. Nc4 {[%emt 0:04:49]} Ne7 {[%emt 0:03:14]} 13. d4 {[%emt 0:07:08]} Nxe4 {[%emt 0:07:14]} 14. Ncxe5 {[%emt 0:27:32]} dxe5 {[%emt 0:25:03]} 15. Nxe5 {[%emt 0:00:10]} Be6 {[%emt 0:03:29]} 16. Bxe6 {[%emt 0:04:59]} fxe6 {[%emt 0:00:33]} 17. Qg4 {[%emt 0:00:08]} Nd6 {[%emt 0:01:31]} 18. Qxe6+ {[%emt 0:00:29]} Kg7 {[%emt 0:01:18]} 19. Ng4 {[%emt 0:21:38]} Ng8 {[%emt 0:09:11]} 20. Be5+ {[%emt 0:00:15]} Kh7 {[%emt 0:00:20]} 21. Qb3 {[%emt 0:00:35]} Qc8 {[%emt 0:05:39]} 22. Qd1 {[%emt 0:00:35]} Rf8 {[%emt 0:02:31]} 23. f4 {[%emt 0:03:27]} Qe6 {[%emt 0:02:09]} 24. Qd3+ {[%emt 0:03:06]} Qg6 {[%emt 0:01:24]} 25. Qf3 {[%emt 0:02:59]} Rf7 {[%emt 0:02:27]} 26. Bxd6 {[%emt 0:01:49]} cxd6 {[%emt 0:02:15]} 27. f5 {[%emt 0:00:07]} Qh5 {[%emt 0:00:21]} 28. Rae1 {[%emt 0:00:32]} Raf8 {[%emt 0:01:02]} 29. h3 {[%emt 0:01:20]} Kh8 {[%emt 0:02:44]} 30. Re6 {[%emt 0:01:04]} Nf6 {[%emt 0:03:34]} 31. Rfe1 {[%emt 0:00:20]} Bb6 {[%emt 0:01:54]} 32. Rxd6 {[%emt 0:00:44]} Bc7 {[%emt 0:00:09]} 33. Rde6 {[%emt 0:00:15]} Nxg4 {[%emt 0:00:47]} 34. hxg4 {[%emt 0:00:09]} Qh2+ {[%emt 0:00:25]} 35. Kf2 {[%emt 0:00:51]} Kh7 {[%emt 0:02:43]} 36. Ke2 {[%emt 0:00:37]} Qf4 {[%emt 0:00:26]} 37. Qh3 {[%emt 0:00:37]} Rf6 {[%emt 0:00:05]} 38. Kd1 {[%emt 0:00:20]} Bd6 {[%emt 0:00:52]} 39. Kc2 {[%emt 0:00:44]} Kg7 {[%emt 0:00:43]} 40. R6e3 {[%emt 0:00:15]} Qh2 {[%emt 0:00:20]} 41. Qxh2 {[%emt 0:00:06]} Bxh2 {[%emt 0:00:02]} 42. g3 {[%emt 0:00:05]} h5 {[%emt 0:00:19]} 43. Rh1 {[%emt 0:00:29]} hxg4 {[%emt 0:00:15]} 44. Rxh2 {[%emt 0:00:16]} Rxf5 {[%emt 0:00:01]} 45. Rhe2 {[%emt 0:00:50]} Rf3 {[%emt 0:00:39]} 46. d5 {[%emt 0:00:39]} R8f5 {[%emt 0:01:09]} 47. c4 {[%emt 0:00:21]} b5 {[%emt 0:00:01]} 48. d6 {[%emt 0:00:57]} bxc4 {[%emt 0:01:13]} 49. d7 {[%emt 0:00:50]} Rxe3 {[%emt 0:00:26]} 50. Rxe3 {[%emt 0:00:16]} Rd5 {[%emt 0:00:01]} 51. Re5 {[%emt 0:00:29]} Rxd7 {[%emt 0:00:29]} 52. Rxg5+ {[%emt 0:00:04]} Kf6 {[%emt 0:00:07]} 53. Rxg4 {[%emt 0:00:04]} Rc7 {[%emt 0:00:39]} 54. Kc3 {[%emt 0:00:08]} Ke5 {[%emt 0:00:03]} 55. Rg6 {[%emt 0:00:25]} a5 {[%emt 0:00:27]} 56. Rg5+ {[%emt 0:00:05]} Kd6 {[%emt 0:00:01]} 57. Rxa5 {[%emt 0:00:35]} Rg7 {[%emt 0:00:03]} 58. Kxc4 {[%emt 0:00:10]} Rxg3 {[%emt 0:00:02]} 59. b4 {[%emt 0:00:19]} Kc6 {[%emt 0:00:04]} 60. Rc5+ {[%emt 0:00:32]} Kb6 {[%emt 0:00:08]} 61. a4 {[%emt 0:00:25]} Rg4+ {[%emt 0:00:37]} 62. Kb3 {[%emt 0:00:02]} Rg3+ {[%emt 0:00:18]} 63. Rc3 {[%emt 0:00:01]} Rg5 {[%emt 0:00:18]} 64. Rh3 {[%emt 0:00:10]} Rg6 {[%emt 0:00:04]} 65. a5+ {[%emt 0:00:08]} Ka6 {[%emt 0:00:18]} 66. Ka4 {[%emt 0:00:12]} Rf6 {[%emt 0:00:25]} 67. b5+ {[%emt 0:00:09]} Ka7 {[%emt 0:00:02]} 68. Rh7+ {[%emt 0:00:11]} Ka8 {[%emt 0:00:08]} 69. a6 {[%emt 0:00:06]} Rf1 {[%emt 0:00:05]} 70. Ka5 {[%emt 0:00:11]} Rf5 {[%emt 0:00:29]} 71. Re7 {[%emt 0:00:10]} Kb8 {[%emt 0:00:23]} 72. Rd7 {[%emt 0:00:21]} Rh5 {[%emt 0:00:19]} 73. Kb6 {[%emt 0:00:09]} Rh6+ {[%emt 0:00:26]} 74. Kc5 {[%emt 0:00:06]} Rh5+ {[%emt 0:00:07]} 75. Rd5 {[%emt 0:00:21]} Rh1 {[%emt 0:00:51]} 76. b6 {[%emt 0:00:39]} Rc1+ {[%emt 0:00:19]} 77. Kb5 {[%emt 0:00:32]} Rb1+ {[%emt 0:00:32]} 78. Kc6 {[%emt 0:00:08]} Rc1+ {[%emt 0:00:06]} 79. Rc5 {[%emt 0:00:11]} Rb1 {[%emt 0:00:29]} 80. Re5 {[%emt 0:00:23]} Rc1+ {[%emt 0:00:10]} 81. Kd5 {[%emt 0:00:14]} Rd1+ {[%emt 0:00:09]} 82. Kc4 {[%emt 0:00:11]} Rc1+ {[%emt 0:00:08]} 83. Kd3 {[%emt 0:00:12]} Rd1+ {[%emt 0:00:06]} 84. Ke2 {[%emt 0:00:08]} Rd8 {[%emt 0:00:03]} 85. Re7 {[%emt 0:00:07]} Rh8 {[%emt 0:00:10]} 86. Kd3 {[%emt 0:00:26]} Rh3+ {[%emt 0:00:59]} 87. Kd4 {[%emt 0:00:04]} Rh4+ {[%emt 0:00:02]} 88. Kd5 {[%emt 0:00:06]} Rh5+ {[%emt 0:00:07]} 89. Kd6 {[%emt 0:00:03]} Rh6+ {[%emt 0:00:06]} 90. Re6 {[%emt 0:00:04]} Rh8 {[%emt 0:00:07]} 91. Kd7 {[%emt 0:00:03]} 1-0